Kubla Khan: The Emperor of Everything / (Record no. 49300)
| 000 -LEADER | |
|---|---|
| fixed length control field | 00497nam a2200121 4500 |
| 020 ## - INTERNATIONAL STANDARD BOOK NUMBER | |
| International Standard Book Number | 9780670011148 |
| 100 ## - MAIN ENTRY--PERSONAL NAME | |
| Personal name | Krull, Kathleen, |
| Relator term | author. |
| 245 ## - TITLE STATEMENT | |
| Title | Kubla Khan: The Emperor of Everything / |
| Remainder of title | by Kathleen Krull, Illustrated by Robert Byrd. |
| 260 ## - PUBLICATION, DISTRIBUTION, ETC. (IMPRINT) | |
| Place of publication, distribution, etc | U.S.A. ; |
| Name of publisher, distributor, etc | Viking Books for Young Readers. |
| Date of publication, distribution, etc | September 16, 2010. |
| 300 ## - PHYSICAL DESCRIPTION | |
| Extent | 48 pages. |
| Dimensions | 9.31 x 0.34 x 11.06 inches. |
| 650 ## - SUBJECT ADDED ENTRY--TOPICAL TERM | |
| 9 (RLIN) | 82655 |
| Topical term or geographic name as entry element | Genghis Khan, 1162 - 1227. Mongols, kings and rulers. Conquerors. |
| Geographic subdivision | Asia, Mongolia |
| 942 ## - ADDED ENTRY ELEMENTS (KOHA) | |
| Source of classification or shelving scheme | |
| Koha item type | Book |
| Withdrawn status | Lost status | Source of classification or shelving scheme | Damaged status | Not for loan | Home library | Current library | Date acquired | Total Checkouts | Full call number | Barcode | Date last seen | Date checked out | Price effective from | Koha item type |
|---|---|---|---|---|---|---|---|---|---|---|---|---|---|---|
| Logos International School | Logos International School | 08/14/2025 | 2 | J 950.2092 KRU | 042850 | 09/17/2025 | 08/28/2025 | 08/14/2025 | Book |